00588nam a22001697a 450000500170000001000150001702000260003203500130005803700130007108200080008410000190009224501410011126000310025227000830028330000340036670000180040020140923145033.0 aENG-110886 a9789351431916c350.00 aEN-94418 bDBAD/PUB a004 aTrivedi, Om S. aUnderstanding information technology :cby Om S Trivedi ;edited by Eesha Narang ba self study module for CA-intermediate (IPC) course / aGurgaonbLexis Nexisc2014 a14th Floor, Building No.10, Tower-B, DLF Cyber City, Phase-IIbGurgaone122002 axiii,291p. :c28cm(pbk)bill. aNarang, Eesha